000 00579cam a22002053a 4500
001 35378
003 PGUSA
005 20140828083749.0
008 110223s2011||||xxu|||||s|||||000 | eng d
040 _aPGUSA
_beng
042 _adc
100 1 _aMarshall, Edison,
_d1894-1967
245 1 4 _aThe Strength of the Pines
_h[electronic resource] /
_cEdison Marshall
260 _bProject Gutenberg,
_c2011
506 _aPublic domain in the USA.
516 _aElectronic text
830 0 _aProject Gutenberg
_v35378
856 4 0 _uhttp://www.gutenberg.org/ebooks/35378
942 _cEB
999 _c264633
_d264633